Was wird mit der schulpflichtverlangerung beabsichtigt? : eine padagogische kritik der schulpflichtverlangerungsplane in England, Frankreich, Schweden und der UDSSR.

Uloženo v:
Podrobná bibliografie
Hlavní autor: Carelli, M. Dino (autor)
Médium: Kniha
Jazyk:German
Témata:
Tagy: Přidat tag
Žádné tagy, Buďte první, kdo vytvoří štítek k tomuto záznamu!

MARC

LEADER 00000cam^a2200000uu^4500
001 000489957
005 20250521000000.0
008 033010s1963^^^^^^^^^^^^rd^r^^000^0^ger^d
009 20260310125343.612
035 |a FCE 000033150 
035 |a FCE 023595 
037 |a Acervo ITESO - Biblioteca 
041 |a ALE 
082 0 4 |a 379.4  |b CARw 
100 |a Carelli, M. Dino  |e (autor) 
245 1 0 |a Was wird mit der schulpflichtverlangerung beabsichtigt? :  |b eine padagogische kritik der schulpflichtverlangerungsplane in England, Frankreich, Schweden und der UDSSR. 
264 |a Hamburgo :  |b Universitat Hamburg,  |c 1963. 
300 |a 348 p. 
336 |a texto  |b txt  |2 rdacontenido 
337 |a sin mediación  |b n  |2 rdamedio 
338 |a volumen  |b nc  |2 rdasoporte 
649 |a XX 
650 |a Estudio comparativo 
650 |a Educación básica 
650 |a Educación pública 
650 |a Propuesta de reforma 
650 |a Francia 
650 |a URSS 
650 |a Reino Unido 
650 |a Suecia 
910 |a Fondo Centro de Estudios Educativos 
920 |a Impresos - Libros 
930 |a Fondos Especiales 
905 |a 133 
901 |a ALE023595  |b IT2  |c CEE  |u 20250521 
902 |a https://opac.biblio.iteso.mx/vufind/Record/000489957